| 000 | 00892nam0a22002411 4500 | ||
|---|---|---|---|
| 001 | rc\2797844 | ||
| 005 | 20260405110213.0 | ||
| 035 | _a(NLR Aleph) 006923883 | ||
| 090 |
_a7476168 _c7476168 |
||
| 100 | _a20110915d1936 |||y0rusy50 ca | ||
| 101 | 0 | _arus | |
| 102 | _aRU | ||
| 105 | _ay z |||a| | ||
| 200 | 1 |
_aРодина _eПьеса в 3 актах, 8 карт. _fБ. Левин |
|
| 210 |
_aМосква _cЦентр. упр. по распространению драматургич. продукции Цедрам _d1936 _gтипо-лит. им. Воровского |
||
| 215 |
_aОбл., 47 с. _d23х15 см. |
||
| 700 | 1 |
_8rus _7ca _aЛевин _bБ. М. _cписатель _f1898-1940 _gБорис Михайлович _3RU\NLR\AUTH\7741403 _924351 |
|
| 801 | 0 |
_aRU _bNLR _gpsbo |
|
| 801 | 1 |
_aRU _bELAR _2rusmarc |
|
| 852 |
_aNLR _j36-11/546 |
||
| 942 | _cBOOK | ||
| 980 | _aNB | ||